00337nam a2200133Ia 4500008004100000020001500041041001200056082001100068100001400079245004700093260004800140300000800188650000700196221030s9999 xx 000 0 und d a8131804032 aEnglish a105.23 aM. Arshad 0aNetwork Analysis & Synthesiscby M. Arshad bUniversities Science PressaNew Delhic2009 a617 aEE